000 00563nam a2200229Ia 4500
003 OSt
005 20220924152633.0
006 a|||||r|||| 00| 0
007 ta
008 220923b |||||||| |||| 00| 0 mar d
024 _a343485
037 _cTextual
040 _aARTS
_cARTS
_bmar
041 _2mar
_amar
082 _aY5927wM93, 155K0
100 _aAtre P.K.
_9227139
245 0 _aDalitanche baba
260 _c1960
650 _aSOCIOLOGY
942 _hY5927wM93, 155K0
_cTEXL
_2CC
999 _c470505
_d470505